Longest Books of the Bible - Statistics

General Stats
  • This quiz has been taken 1,356 times
  • The average score is 16 of 20
Answer Stats
Verses Answer % Correct
1533 Genesis
97%
2598 Psalms
97%
1213 Exodus
94%
859 Leviticus
90%
1071 Matthew
90%
1288 Numbers
90%
879 John
89%
1151 Luke
88%
816 1 Kings
85%
915 Proverbs
84%
959 Deuteronomy
81%
1007 Acts
80%
1292 Isaiah
79%
810 1 Samuel
78%
1364 Jeremiah
76%
719 2 Kings
75%
1070 Job
74%
942 1 Chronicles
73%
822 2 Chronicles
67%
1273 Ezekiel
64%
No matching quizzes found
Score Distribution
Percent of People with Each Score
Percentile by Number Answered
Your Score History
You have not taken this quiz